[Event "WCh"]
[Site "Brissago SUI"]
[Date "2004.10.16"]
[Round "13"]
[White "Leko, Peter"]
[Black "Kramnik, Vladimir"]
[Result "1/2-1/2"]
[WhiteElo "2741"]
[BlackElo "2770"]
[Annotator "Illescas, M"]
[PlyCount "129"]
[EventDate "2004.09.25"]
[EventRounds "14"]
[EventCountry "SUI"]
[Source "EDAMI"]
[SourceDate "2006.12.20"]

{Solo quedaban dos oportunidades para tratar de igualar el encuentro así que
la Defensa Indobenoni nos pareció una elección acertada: conduce normalmente a
posiciones agudas y aunque estratégicamente las negras quedan peor en el
centro, ello queda compensado en parte por factores dinámicos como la mayoría
de peones en el flanco de dama o la fuerza del alfil fianchetado.} 1. d4 Nf6 2.
c4 e6 3. Nf3 c5 4. d5 d6 5. Nc3 exd5 6. cxd5 g6 7. Nd2 {Leko se decanta por un
sólido esquema que se caracteriza por el rápido traslado del caballo rey a c4;
el orden de jugadas está destinado a evitar la clavada Bg4 que podría darse
por ejemplo tras 7.e4 a6 8.a4 Bg4} Bg7 8. e4 O-O 9. Be2 Na6 ({
Otro modo de plantear el juego sería} 9... Nbd7 {seguido de Re8}) 10. O-O Ne8 {
Sin duda esta jugada sorprendió a Leko. Más normales serían tanto 10...Nc7 con
idea de Rb8 y b5, como la flexible 10...Re8. La jugada de la partida va
asociada a una rápida ruptura en el centro por medio de f7-f5.} 11. Nc4 Nac7
12. a4 f5 13. exf5 {La respuesta más lógica y empleada.} ({El propio Kramnik
había jugado esta posición con blancas años atrás, optando por} 13. f3 Qe7 14.
Bf4 g5 15. Bg3 f4 16. Bf2 b6 17. Re1 Ba6 18. e5 Bxc4 19. exd6 Nxd6 20. Bxc4 Qd7
{con juego complicado en Kramnik,V-Ivanchuk,V/Belgrado 1995}) 13... Rxf5 {
Esto ya se aparta de lo normal.} ({La natural} 13... Bxf5 {
se ha empleado en más ocasiones.}) 14. Bg4 Rf8 $146 {Esta es la novedad que no
cambia sustancialmente la valoración de ligera ventaja blanca.} (14... Rf7 15.
Bf3 b6 16. Ne4 h6 17. Re1 Bb7 18. Ng3 Nf6 19. Qd3 Nfxd5 20. Qxg6 Ne7 21. Qxd6
Bxf3 22. gxf3 Ned5 $44 {Stepanov,K-Maiorov,O/corr 2002}) 15. Bxc8 Rxc8 16. Qb3
b6 17. Nb5 $5 {Leko busca simplificar la posición.} Nxb5 18. axb5 Rc7 19. Bd2
$1 {Con esta y su siguiente jugada el húngaro consigue garantizarse el cambio
del poderoso alfil rival.} Rcf7 20. Bc3 Qd7 21. f3 g5 $5 {Las negras se lanzan
a lo que podría llamarse un ataque "psicológico". La necesidad de buscar la
victoria obliga a Kramnik a adoptar un plan dudoso, que debilita la posición
de su rey. La alternativa era un juego tranquilo buscando el empate.} 22. Ne3
Rf4 23. Rfe1 h5 $5 {En línea con el comentario anterior Kramnik sigue con el
despliegue tratando de abrir el juego a sus torres en el flanco de rey.} 24.
Qc2 Qf7 25. h3 Bd4 $1 26. Bxd4 Rxd4 ({Kramnik pensó bastante, pero la atractiva
} 26... cxd4 {no parece ofrecer nada más que tablas tras la mejor secuencia:}
27. Nc4 g4 28. fxg4 hxg4 29. hxg4 d3 30. Qxd3 Rxc4 31. Qxc4 Qf2+ $11) 27. Nf5
$5 {Mediante este salto inesperado las blancas aprovechan la oportunidad para
seguir cambiando piezas. Ahora se llega a un final de cuatro torres en el
tablero, finales que por cierto suelen encerrar bastante dificultad.} Qxf5 28.
Qxf5 Rxf5 29. Rxe8+ Kf7 30. Rb8 ({Más lógica parece} 30. Re2 {
y la ventaja de las negras es mínima}) 30... Rdxd5 31. Rxa7+ Ke6 32. Re8+ {
Es importante cortar al rey negro el acceso al centro.} ({Peor sería} 32. Rxb6
Rd1+ 33. Kh2 Rd2 {y las negras tendrían clara ventaja en base a la mala
situación del rey enemigo.}) 32... Kf6 33. g4 $2 {Un error en apuros de tiempo.
} ({Mucho mejor era} 33. Rh7 {manteniendo el cerco al rey negro, tras lo cuál
las blancas mantendrían el equilibrio.}) 33... hxg4 34. hxg4 Rd1+ 35. Kf2 Re5
36. Rh8 {Con la sencilla idea de Rh6 mate} Rd2+ 37. Kg3 Ree2 {Ahora es Kramnik
el que amenaza mate en tres. Leko está obligado a forzar el cambio de torres,
permitiendo el paso al centro del monarca negro. Seguramente Leko omitió esta
acción.} 38. Rf8+ Kg6 {Kramnik repite jugadas para llegar al control de la 40.}
39. Rg8+ Kf6 40. Rf8+ Ke6 41. Re8+ Kd5 42. Rxe2 Rxe2 43. Rg7 Re5 {La situación
de las blancas parece crítica. La actividad del rey negro marca la diferencia.}
({Peor era} 43... Rxb2 {ya que tras} 44. Rxg5+ Kc4 45. Rg6 d5 46. Rxb6 d4 47.
g5 {los peones blancos también corren.}) 44. Rb7 c4 45. Rxb6 Re2 ({
El intento de evitar la defensa que se dio en la partida jugando} 45... Re3 {
no resulta del todo convincente. Las blancas consiguen nuevamente contrajuego
por medio de} 46. Rb8 Rb3 47. Rg8 Rxb2 48. Rxg5+ Kd4 49. Rg6 d5 50. Rc6 Rxb5
51. g5 {y la carrera de peones parece igualada.}) 46. f4 $1 {Único y brillante
recurso defensivo. Leko entendió perfectamente que solo podría salvarse con un
juego activo. Las blancas liberan su rey y crean un nuevo peón pasado en el
flanco opuesto.} Re3+ 47. Kf2 gxf4 48. Rb8 {
Las blancas están listas para avanzar sus peones.} Rb3 {Lógica pero inofensiva.
} ({Un intento realmente venenoso era} 48... Rg3 $5 {Tras la partida comenté a
Kramnik sobre tal posibilidad y surgió el siguiente análisis:} 49. b6 $1 Rxg4
50. Rf8 $1 {
la jugada precisa y difícil que Leko habría tenido que hallar sobre el tablero.
} ({Kramnik consideró durante la partida que} 50. Kf3 {
forzaba 50...Rg7 con tablas fáciles, pero omitió la fuerte jugada} Rg3+ $1 {
que traslada la torre a la casilla ideal b3. Sin embargo ganar es todavía más
difícil de lo que parece ya quetras} 51. Kxf4 {hay que perder un tiempo con}
Rd3 $1 ({la directa} 51... Rb3 $2 {conduce tras} 52. b7 Rxb2 53. Ke3 {
a una posición de zugwang mutuo y al ser el turno de las negras el resultado
sería tablas.}) {Ahora tras} 52. b7 Rb3 {se llega a la misma posición pero con
turno de las blancas que deben jugar su rey perdiendo el acceso a la casilla
salvadora e3. Por ejemplo} 53. Kf5 Rxb2 54. Kf4 Kd4 55. Rd8 Rxb7 56. Rxd6+ Kc3
{y el peón c gana.}) {Tras la precisa 50.Rf8! podría seguir} 50... Rg7 51. Rxf4
Kc5 {y ahora se consigue el empate mediante la exacta} 52. Rf3 $1 {que prepara
el cambio de peones por medio de b3 y la consiguiente aproximación del rey
blanco, logrando tablas in-extremis.}) 49. b6 $2 {El cansancio y los nervios
hacen mella en los jugadores. Este error reactiva las posibilidades de
victoria de las negras.} ({Tras} 49. g5 $1 {
el avance combinado de los peones debe llevar al empate.}) 49... Ke4 $1 {
Excelente concepto, amenazando con encerrar al rey blanco para ganar un tiempo
decisivo.} ({La directa} 49... Rxb2+ 50. Kf3 c3 51. b7 Kd4 {
parece insuficiente en vista de} 52. Rd8 $1 ({Pero no} 52. g5 $2 c2 53. Rc8
Rb3+ $1 {Otra de las delicadas sutilezas de este final.} ({La descuidada} 53...
Kd3 {permite un brillante empate por medio de} 54. Rd8 $3 $11) 54. Kxf4 {
y ahora sí} Kd3 {decide el juego en favor de las negras.}) 52... Rxb7 53. Rxd6+
Kc5 54. Rd8 {Durante la partida yo creí que este final estaba ganado pero
Kramnik acertó en la evaluación del mismo: es tablas. Las blancas dan jaque
por detrás del peón y oportunamente entregan la torre para entablar con su
último efectivo: el peón g.} Rc7 55. Rd1 Rf7 {
Si las blancas toman f4 las tablas son sencillas.} 56. Rd8 $1 {Esta es la
a que Kramnik analizó: la torre regresa y no hay modo evitar el empate. Podría
seguir} Kc4 57. Rc8+ Kd3 58. Rd8+ Kc2 59. g5 {y tras Rd6 seguido de g6 las
blancas capturan en f4 y llegan a tiempo de entregar su torre.}) 50. Re8+ {
No se puede permitir el jaque en b2 que mandaría al rey blanco a la primera
línea.} Kd3 $2 {Kramnik estuvo tan cerca... El ruso omitió la brillante
respuesta y plan de las blancas; lo cierto es que la posición tras la textual
parece ganada y con poco tiempo Kramnik decidió ser práctico, comprensible.} ({
Los análisis parecen demostrar que} 50... Kd4 $1 {era el camino hacia la
victoria. La diferencia es que la torre negra sigue ejerciendo su acción en la
tercera línea.} {Tras} 51. Re2 ({En caso} 51. Rb8 {las negras han ganado un
tiempo en comparación con el comentario a la jugada 49 y como resultado se
gana fácilmente por medio de} Rxb2+ 52. Kf3 c3) ({Tampoco sirve a las blancas
jugarse la baza del peón g ya que se para fácilmente:} 51. g5 Rxb2+ 52. Kf3
Rxb6 53. g6 Rb7 54. Kxf4 c3 55. Rc8 d5 56. Kf5 Kd3 {ganando}) {
las negras disponen de la importante jugada} 51... f3 $1 {
y no se ve salvación para las blancas, por ejemplo:} 52. Rd2+ Ke4 53. g5 d5 54.
g6 Rxb6 {ganando}) 51. Re2 $3 {Ahora la retirada es el único modo de salvar el
empate y en eso radica el mérito de esta jugada: es difícil valorar
positivamente un movimiento de apariencia tan pasiva. Pero en realidad el plan
de Leko es claro y activo como se verá en la partida.} d5 52. Kf3 $1 d4 53. g5
c3 ({Conduce a lo mismo} 53... Rxb6 54. Rg2 c3) 54. bxc3 dxc3 55. Rg2 $1 {
Otra jugada clave, necesaria para progresar con el rey. Ahora las tablas
aparecen evidentes: la torre se sacrificará por el peón c mientras que el rey
blanco apoyará su único peón capturando de paso en f4.} Rb2 ({Nada cambia tras
} 55... Rxb6 56. Kxf4 c2 57. Rxc2 Kxc2 58. Kf5 $11) 56. b7 Rxb7 57. Kxf4 Rb2 {
Un intento de liar a Leko en apuros de tiempo.} ({Si} 57... c2 58. Rxc2 Kxc2
59. g6 $11) 58. Rg1 {Suficiente.} ({Más simple era de todos modos la directa} 
58. Rg3+ Kd4 59. Rxc3 Kxc3 60. g6 $11) 58... c2 59. Rc1 $1 $11 {
Ahora sí, el empate es un hecho.} Rb1 60. Rxc2 Kxc2 61. g6 Kd3 62. Kf5 Rb5+ 63.
Kf6 Rb6+ 64. Kf7 Rxg6 65. Kxg6 {Quizá para demostrar que estaba dispuesto a
luchar hasta el final Kramnik dejó el tablero con los reyes pelados. Tablas y
tremenda decepción en nuestro campo, aunque el enérgico juego de Kramnik en
las últimas partidas nos permitía abrigar un rayo de esperanza.} 1/2-1/2

[Event "WCh"]
[Site "Brissago SUI"]
[Date "2004.10.18"]
[Round "14"]
[White "Kramnik, Vladimir"]
[Black "Leko, Peter"]
[Result "1-0"]
[WhiteElo "2770"]
[BlackElo "2741"]
[Annotator "Illescas, M"]
[PlyCount "81"]
[EventDate "2004.09.25"]
[EventRounds "14"]
[EventCountry "SUI"]
[Source "EDAMI"]
[SourceDate "2006.12.20"]

{Dicen que la esperanza es lo último que se pierde, pero siempre me ha
parecido que esa frase esconde un cierto pesimismo...  En su lugar - de camino
a la sala de juego -  preferí dar a Kramnik un último consejo, más que consejo,
palabras de ánimo: "Hoy tendrás una oportunidad. Quizá solo sea una, pero la
tendrás" También le dije "Si la tienes ganada, aguanta un poco más la tensión.
Leko es especialista en resucitar. Remata la faena" Esta última frase venía a
cuento de la heroica defensa de Leko en la partida anterior y en general de su
conocida tenacidad y resistencia en posiciones difíciles, virtud que el
húngaro exhibió sobradamente a lo largo del encuentro. Varias veces Kramnik me
confesó que había visto la partida ganada, por ejemplo la anterior, para
encontrarse firmando las tablas poco más tarde...} 1. e4 c6 {Leko repite la
Caro-kann, una decisión comprometida, ya que aunque se trata de una de las
defensas más sólidas contra 1.e4, era previsible que Kramnik hubiera preparado
algo al efecto.} 2. d4 d5 3. e5 {La variante del avance es la más agresiva; si
no me equivoco es la primera vez que Kramnik emplea esta jugada.} Bf5 4. h4 {
Kramnik opta por esta vieja jugada que conduce a posiciones más agudas que la
moderna 4.Nf3 y menos concretas que la directa 4.Nc3. También estuvimos
considerando jugar 4.g4?! pero no logró convencernos.} h6 ({
Una solución más radical la constituye} 4... h5 {
aunque el inconveniente es precisamente la eventual debilidad de este peón.})
5. g4 Bd7 {Tras solo cinco jugadas hemos alcanzado una posición totalmente
alejada del estilo de Kramnik, !cualquiera diría que es Shirov quien conduce
las piezas blancas!} ({Contra} 5... Bh7 {las blancas habrían respondido} 6. e6
$1) 6. Nd2 $5 $146 {Una novedad para sacar a Leko del terreno conocido.
Existen ejemplos relevantes en esta posición donde los conductores de blancas
eran ilustres jugadores de ataque:} (6. c4 e6 7. Nc3 Ne7 8. c5 b6 9. h5 bxc5
10. dxc5 Bc8 11. Be3 Ba6 12. Bxa6 Nxa6 13. Qa4 Qc8 14. b4 $14 {
Bronstein,D-Portisch,L/Moscow 1961}) (6. c3 c5 7. Bg2 e6 8. Ne2 Bb5 9. Na3 Bxe2
10. Qxe2 cxd4 11. cxd4 Bxa3 12. bxa3 Nc6 13. Be3 Qa5+ 14. Kf1 $13 {
Tal,M-Botvinnik,M/Moscow 1961}) 6... c5 {La reacción natural.} 7. dxc5 ({
Tras 6.Nd2 no resulta lógico mantener el centro. Si} 7. c3 $6 cxd4 8. cxd4 Nc6
9. Nb3 Rc8 {las negras consiguen rápidamente la iniciativa.}) 7... e6 ({
Era posible, aunque improbable, que Leko jugara la aguda} 7... Nc6 8. f4 h5 $5
{con juego complejo}) 8. Nb3 Bxc5 9. Nxc5 Qa5+ 10. c3 Qxc5 11. Nf3 ({
A mí personalmente me parecía consecuente continuar con} 11. Be3 $5 Qc7 12. f4
{que Kramnik rechazó de forma intuitiva, prefiriendo la textual que devuelve
la partida a un estilo posicional donde el ruso se ha desempeñado siempre con
particular brillo.}) 11... Ne7 ({
También era razonable preparar el enroque largo con} 11... Qc7 $5 12. Bd3 Nc6)
12. Bd3 Nbc6 13. Be3 Qa5 {Las negras plantean la amenaza 14...d4} 14. Qd2 $1 {
Buena jugada, típica de Kramnik, oponiéndose de forma sencilla al intentonegro.
} Ng6 $6 {Leko jugó de forma muy pasiva la segunda mitad del encuentro y esta
jugada va en esa línea.} ({
Quizá en otras circunstancias el húngaro se habría decantado por la activa} 
14... d4 $1 {!a pesar de todo!} {
Las negras obtienen buena compensación por el peón sacrificado:} 15. Bxd4 (15.
cxd4 Nb4 16. O-O Qd5 17. Be2 Bb5 $44) 15... Nxd4 16. cxd4 Qd5 $44) 15. Bd4 $1 {
Kramnik acepta entrar en un final ligeramente mejor aun a sabiendas de que
está gastando su último cartucho contra un maestro de la defensa como Leko.Tras
} Nxd4 16. cxd4 Qxd2+ 17. Kxd2 {las blancas pueden presumir de una cómoda
iniciativa, típica de muchas variantes de la Defensa Francesa. A partir de
este momento el juego de Kramnik fue sobresaliente. El ruso hizo una
demostración de técnica de altísima escuela. No se la pierdan.} Nf4 18. Rac1 $1
{Una jugada sencilla ocupando la columna abierta.} ({
En la sala de prensa se analizaba sobre todo} 18. Bf1 {
que es mucho menos precisa ya que tras} h5 19. Rg1 {las negras juegan} Rc8 {
luchando eficazmente en ambos flancos.}) 18... h5 $6 {Esta imprecisión será
castigada de modo implacable por las blancas. Seguramente Leko subestimó la
siguiente jugada de su rival. Las alternativas no igualan del todo, pero
prometen más posibilidades de tablas, por ejemplo:} (18... Nxd3 19. Kxd3 Bc6
20. h5 $14) (18... Rc8 19. Rxc8+ Bxc8 $14) 19. Rhg1 $1 {Nuevamente una jugada
muy precisa. Kramnik parece tener claro que debe mantener la lucha en ambos
flancos.} ({La aparentemente buena} 19. g5 $6 {que deja a las negras con el
alfil muy malo es probablemente insuficiente dado que tras} Nxd3 20. Kxd3 g6 {
el flanco de rey queda completamente cerrado sin acceso para el caballo o rey
blancos. Las negras concentran su energía en la defensa del flanco de dama con
probables tablas. El intento de dominar la columna ccon} 21. Rc7 {
se neutraliza manteniendo la sangre fría:} Rb8 22. Rhc1 Ke7 23. Nd2 Rhc8 24.
Nb3 Kd8 $11) 19... Bc6 {Bloqueando el acceso a c7.} ({La línea} 19... hxg4 20.
Rxg4 Nxd3 21. Kxd3 g6 22. Rc7 {pone en evidencia la importancia de evitar el
bloqueo completo del flanco de rey: en esta situación existen puntos de
entrada en ese sector y la ventaja de las blancas es incuestionable.}) {
Las dos próximas jugadas de Kramnik son mazazos posicionales:} 20. gxh5 $1 Nxh5
21. b4 $1 {Exacto. Mantiene los dos flancos en tensión y plantea la amenaza
concreta 22.b5 despejando la columna.} ({Nuevamente era posible caer en la
tentación de hacer la "jugarda fácil", en este caso} 21. Ke3 {
a lo cuál las negras podrían responder} Ke7 $1 {
ofreciendo una gran resistencia.}) 21... a6 22. a4 $1 {
Una entrega de peón necesaria para mantener la iniciativa.} Kd8 {
Probablemente a partir de aquí la posición negra ya no tenga salvación.} ({
De todos modos tras} 22... Bxa4 $5 23. Rc7 {la ventaja blanca es clara, aunque
por lo menos las negras dispondrían de más recursos defensivos que en la
partida.}) 23. Ng5 $1 {El último efectivo en reserva entra ahora en acción.}
Be8 {Esta triste jugada es necesaria.} ({En caso de} 23... Ke7 24. b5 axb5 25.
axb5 Bd7 26. Rc7 {las blancas logran ventaja decisiva.}) 24. b5 $5 {Kramnik est
aba lanzado hacia el objetivo, este avance es interesante y agresivo.} ({
También era posible ahora consolidar poco a poco la ventaja empezando con} 24.
Ke3) 24... Nf4 $2 {El último error de Leko, que no tuvo su día. Era
imprescindible abrir el juego a la torre negra.} ({Así} 24... axb5 {aunque tras
} 25. Bxb5 {las blancas siguen mejor}) 25. b6 $1 {Kramnik acierta de nuevo con
este avance. En solo cuatro jugados los peones de a2-b2 se han plantado bien
adentro en territorio enemigo. EL peón b6 será una pesadilla insalvable para
Leko. De momento se amenaza la entrada en c7.  Todas estas jugadas parecen
fáciles una vez vista la partida pero les puedo asegurar que nuestra
delegación pasó grandes nervios analizando las múltiples posibilidades.} Nxd3 (
{Algo mejor parece} 25... f6 {
pero la derrota parece ya inevitable, por ejemplo:} 26. Nf3 Nxd3 27. Kxd3 Bh5
28. Rxg7 $1 Bxf3 29. exf6 {con ventaja decisiva.}) 26. Kxd3 Rc8 27. Rxc8+ Kxc8
28. Rc1+ {Ahora sí, empezamos a ver claro que Volodia lo iba a conseguir. La
ventaja es tremenda. Siguió ahora una serie de jugadas más o menos forzadas.}
Bc6 29. Nxf7 Rxh4 30. Nd6+ Kd8 31. Rg1 Rh3+ 32. Ke2 Ra3 33. Rxg7 Rxa4 34. f4 $1
{La combinación de torre en séptima con caballo en d6 y peón en b6 es
mortífera. Por ello Kramnik busca y encuentra un plan decisivo.} ({
Una metedura de pata sería la pobre} 34. Nxb7+ $2 Bxb7 35. Rxb7 Rxd4 $11) 34...
Ra2+ {Jugando sus últimas bazas.} ({Tras} 34... Rxd4 {
las blancas ejecutarían la última fase de su plan:} 35. f5 $1 exf5 36. e6 {
y el peón pasado decide. Tras} Re4+ 37. Nxe4 fxe4 38. Ke3 {
la victoria es elemental.}) 35. Kf3 Ra3+ ({Nuevamente no hay tiempo para} 35...
Rb2 36. f5 $1 exf5 37. e6 {ganando}) 36. Kg4 Rd3 ({Contra} 36... Ra1 {
ahora ya puede jugarse la sencilla} 37. Nxb7+ Bxb7 38. Rxb7 Rg1+ 39. Kh5 a5 40.
Ra7 Kc8 41. f5 exf5 42. e6 {y las blancas ganan}) 37. f5 {La inevitable
ruptura llegó y con ella se desmorona la posición de las negras. Sin embargo
la emoción estaba por todo lo alto: Leko se había mostrado tan sólido en
defensa durante el encuentro que incluso aquí había un ambiente de cierta
incredulidad entre los espectadores acerca de lo que estaban viendo...} Rxd4+ (
{Está claro que tras} 37... exf5+ 38. Kxf5 Rxd4 39. e6 {
las negras reciben mate en pocas jugadas}) 38. Kg5 {
La entrada del rey liquida el asunto.} exf5 39. Kf6 Rg4 40. Rc7 {Ahora los módu
los de análisis ya señalan mate en nueve jugadas. ?Lo verá Kramnik?} Rh4 41.
Nf7+ {Kramnik vio el mate en tres. Leko también y por fin abandonó. Una
victoria épica.    Por primera vez hoy habían acudido a la sala de juego
Bareev y Svidler que se habían pasado un mes semi-encerrados en el hotel.
También estaban varios amigos de Kramnik. Al acabar la partida nos refugiamos
en el despacho de uno de los directivos de Dannemann. Allí Kramnik se sentó y
respiró, lo primero que dijo, tan cansado y más que contento yo diría que con
cierto alivio fue: "It's over; I did it" "Se acabó, lo conseguí"} 1-0